A marxista nevelés története - olasz szerzőtől [könyvismertetés] /

Elmentve itt :
Bibliográfiai részletek
Szerző: Bólyai Imréné
További közreműködők: Manacorda Mario Alighiero
Dokumentumtípus: Cikk
Megjelent: 1972
Sorozat:Magyar pedagógia : a Magyar Tudományos Akadémia Pedagógiai Bizottságának folyóirata 72 No. 1
Kulcsszavak:Neveléstörténet - könyvismertetés, Neveléstörténet, Marxista nevelés
Online Access:http://misc.bibl.u-szeged.hu/12470
LEADER 00801nab a2200193 i 4500
001 misc12470
005 20191106141557.0
008 170607s1972 hu o 0|| hun d
022 |a 0025-0260 
040 |a SZTE Miscellanea Repozitórium  |b hun 
041 |a hun 
100 1 |a Bólyai Imréné 
245 1 2 |a A marxista nevelés története - olasz szerzőtől   |h [elektronikus dokumentum] :  |b [könyvismertetés] /  |c  Bólyai Imréné 
260 |c 1972 
300 |a 81-84 
490 0 |a Magyar pedagógia : a Magyar Tudományos Akadémia Pedagógiai Bizottságának folyóirata  |v 72 No. 1 
695 |a Neveléstörténet - könyvismertetés, Neveléstörténet, Marxista nevelés 
700 0 1 |a Manacorda Mario Alighiero 
856 4 0 |u http://misc.bibl.u-szeged.hu/12470/1/mp_1972_001_4938_081-084.pdf  |z Dokumentum-elérés